00333nam a2200121 a 4500008004100000020001500041050001600056245004000072246002300112260004400135300002300179350000900202080109s1985 ||||||||||||||||| || u a0876923813 aQ 158.5 Uni10aFrontiers in science and technology aa selected outlook aNew DelhibPrintice-Hall of Indiac1985 axxii, 227p. : ill. a0.00